Langues d'Europe - Compter jusqu'à 10 - Statistiques

Statistiques générales
  • Ce quiz a été pris 23 349 fois
  • Le résultat moyen est 23 sur 30
Statistiques - réponses
Langue # Réponse % Correct
Anglais 5 Five
99%
Anglais 1 One
99%
Anglais 7 Seven
99%
Anglais 6 Six
99%
Anglais 10 Ten
99%
Anglais 2 Two
99%
Anglais 4 Four
98%
Anglais 9 Nine
98%
Anglais 3 Three
98%
Espagnol 2 Dos
96%
Anglais 8 Eight
96%
Espagnol 3 Tres
96%
Espagnol 1 Uno
96%
Espagnol 5 Cinco
79%
Espagnol 8 Ocho
79%
Espagnol 6 Seis
78%
Espagnol 9 Nueve
77%
Espagnol 7 Siete
76%
Espagnol 4 Cuatro
74%
Espagnol 10 Diez
60%
Allemand 3 Drei
59%
Allemand 2 Zwei
52%
Allemand 5 Fünf
51%
Allemand 1 Eins
50%
Allemand 7 Sieben
46%
Allemand 8 Acht
45%
Allemand 9 Neun
44%
Allemand 4 Vier
44%
Allemand 6 Sechs
40%
Allemand 10 Zehn
35%
Aucun quiz correspondant
Distribution des résultats
% des personnes avec chaque résultat
Percentile par nombre de réponses
Votre historique - résultats
Vous n’avez pas pris ce quiz